000
00212 a2200097 4500
001
9610
100
_a
Krauskopf, K
245
_a
Fundamental of Physical
260
_a
_b
Mc Graw Hill Book
_c
090
_c
7649
_d
7649
942
_a
NUST-CAE
_c
M
_c
34321
999
_c
244683
_d
244683